<?xml version="1.0" encoding="UTF-8"?>
<marc:record xmlns:marc="http://www.loc.gov/MARC21/slim">
   <marc:leader>00000nam a2200000 a 4500</marc:leader>
   <marc:datafield ind1="1" ind2=" " tag="100">
      <marc:subfield code="a">Sager, Riley</marc:subfield>
      <marc:subfield code="4">aut</marc:subfield>
      <marc:subfield code="e">Verfasser/-in</marc:subfield>
   </marc:datafield>
   <marc:datafield ind1="1" ind2=" " tag="100">
      <marc:subfield code="a">Blum, Christine</marc:subfield>
   </marc:datafield>
   <marc:datafield ind1="1" ind2=" " tag="100">
      <marc:subfield code="a">Wagener, Ulla</marc:subfield>
   </marc:datafield>
   <marc:datafield ind1="0" ind2="0" tag="245">
      <marc:subfield code="a">Middle of the night</marc:subfield>
   </marc:datafield>
   <marc:datafield ind1="0" ind2="0" tag="245">
      <marc:subfield code="b">nirgends bist du sicher</marc:subfield>
   </marc:datafield>
   <marc:datafield ind1="0" ind2="0" tag="245">
      <marc:subfield code="c">Riley Sager ; Deutsch von Christine Blum ; gelesen von Ulla Wagner ; ungekürzte Lesung</marc:subfield>
   </marc:datafield>
   <marc:datafield ind1=" " ind2="1" tag="264">
      <marc:subfield code="a">Untermünkheim</marc:subfield>
      <marc:subfield code="b">steinbach sprechende bücher</marc:subfield>
      <marc:subfield code="c">2026</marc:subfield>
   </marc:datafield>
   <marc:datafield ind1="1" ind2=" " tag="520">
      <marc:subfield code="a">Das Schlimmste, was in Hemlock Circle je passiert ist, geschah im Hinterhof von Ethan Marsh. In einer Julinacht vor dreißig Jahren verschwand der zehnjährige Billy aus dem Zelt, in dem Ethan und sein bester Freund übernachteten, und tauchte nie wieder auf. Dreißig Jahre später kehrt Ethan nur widerwillig nach Hemlock Circle zurück. Von Schlaflosigkeit und Albträumen geplagt, muss er sich fragen, ob die merkwürdigen Dinge, die in seinem Heimatort passieren, mit Billy zu tun haben. Ist sein tot geglaubter Freund nach Hemlock Circle zurückgekehrt? Die mysteriösen Vorkommnisse veranlassen Ethan zu untersuchen, was in jener Nacht wirklich geschah. Und ihm wird schnell klar, dass der beschauliche Vorort keineswegs ein sicherer Ort ist.</marc:subfield>
   </marc:datafield>
   <marc:datafield ind1=" " ind2=" " tag="020">
      <marc:subfield code="a">9783987361210</marc:subfield>
      <marc:subfield code="9">9783987361210</marc:subfield>
   </marc:datafield>
   <marc:datafield ind1=" " ind2=" " tag="041">
      <marc:subfield code="a">ger</marc:subfield>
   </marc:datafield>
   <marc:datafield ind1="0" ind2=" " tag="490">
      <marc:subfield code="v">0</marc:subfield>
   </marc:datafield>
   <marc:datafield ind1=" " ind2=" " tag="300">
      <marc:subfield code="a">2 CDs (741 Minuten)</marc:subfield>
   </marc:datafield>
</marc:record>
